000 00676nam a2200229 4500
003 OSt
005 20240605081152.0
006 a
008 240605b |||||||| |||| 00| 0 eng d
020 _a9789712360077
040 _aDWCL-Main lib.
_cOC
082 _22011 edition
_aFil. 342 D346t 2011
100 _aDe Leon , Hector S.
245 _aTextbook on the Philippine Constitution /
250 _a2011 edition
260 _aManila:
_bRex Book Store,
_cc2011.
300 _ali,
_b801 p. ;
_c22 cm.
650 _a1. Philippines-Constitutional law.
650 _a2. Philippines-Constitutions.
700 _aHector S. De Leon
942 _2ddc
_n0
_cBK - FIL
_e2011 edition
_kFil.
999 _c213
_d213